| Tag |
First Indicator |
Second Indicator |
Subfields |
| LEADER |
00000cam a2200000Ii 4500 |
| 001 |
in00003941321 |
| 005 |
20180130142743.0 |
| 008 |
161222t20172017sz b 001 0 eng d |
| 010 |
|
|
|a 2017933831
|
| 035 |
|
|
|a (OCoLC)ocn966564549
|
| 040 |
|
|
|a YDX
|b eng
|e rda
|c YDX
|d HTM
|d CDX
|d HTM
|d BNG
|d OCLCF
|
| 020 |
|
|
|a 3319525239
|
| 020 |
|
|
|a 9783319525235
|
| 020 |
|
|
|z 9783319525242
|
| 050 |
|
4 |
|a PN56.C683
|b S53 2017
|
| 082 |
0 |
4 |
|a 809/.933552
|2 23
|
| 049 |
|
|
|a TXAM
|
| 100 |
1 |
|
|a Shaw, Kristian,
|e author.
|
| 245 |
1 |
0 |
|a Cosmopolitanism in twenty-first century fiction /
|c Kristian Shaw.
|
| 264 |
|
1 |
|a Cham, Switzerland :
|b Palgrave Macmillan,
|c [2017]
|
| 264 |
|
4 |
|c ©2017
|
| 300 |
|
|
|a xiv, 215 pages ;
|c 22 cm
|
| 336 |
|
|
|a text
|b txt
|2 rdacontent
|
| 337 |
|
|
|a unmediated
|b n
|2 rdamedia
|
| 338 |
|
|
|a volume
|b nc
|2 rdacarrier
|
| 504 |
|
|
|a Includes bibliographical references (pages 193-208) and index.
|
| 650 |
|
0 |
|a Cosmopolitanism in literature.
|
| 650 |
|
0 |
|a English fiction
|y 21st century
|x History and criticism.
|
| 650 |
|
0 |
|a American fiction
|y 21st century
|x History and criticism.
|
| 650 |
|
0 |
|a American fiction.
|
| 650 |
|
0 |
|a English fiction.
|
| 650 |
|
7 |
|a American fiction.
|2 fast
|0 (OCoLC)fst00807048
|
| 650 |
|
7 |
|a Cosmopolitanism in literature.
|2 fast
|0 (OCoLC)fst01902915
|
| 650 |
|
7 |
|a English fiction.
|2 fast
|0 (OCoLC)fst00910817
|
| 648 |
|
7 |
|a 2000-2099
|2 fast
|
| 655 |
|
7 |
|a Criticism, interpretation, etc.
|2 fast
|0 (OCoLC)fst01411635
|
| 948 |
|
|
|a cataloged
|b h
|c 2018/1/30
|d c
|e ceaton
|f 2:27:26 pm
|
| 994 |
|
|
|a C0
|b TXA
|
| 999 |
f |
f |
|s b7c1e46a-1d88-33eb-ab72-83ba7cb9cf89
|i f6986994-dff4-3bfc-b409-c776baf1ccc7
|t 0
|
| 952 |
f |
f |
|p normal
|a Texas A&M University
|b College Station
|c Sterling C. Evans Library
|d Evans: Library Stacks
|t 0
|e PN56.C683 S53 2017
|h Library of Congress classification
|i unmediated -- volume
|m A14850433443
|
| 998 |
f |
f |
|a PN56.C683 S53 2017
|t 0
|l Evans: Library Stacks
|